Central Library OPAC University of Rajshahi

Ecology of fishes in tropical waters / (Record no. 12407)

MARC details
000 -LEADER
fixed length control field 00950cam a2200313 i 4500
001 - CONTROL NUMBER
control field 12407
003 - CONTROL NUMBER IDENTIFIER
rucl marc code BD-RjUL
005 - DATE AND TIME OF LATEST TRANSACTION
control field 20211208235304.0
008 - FIXED-LENGTH DATA ELEMENTS--GENERAL INFORMATION
fixed length control field 1401 t1977 enka b 000 0 eng
020 ## - INTERNATIONAL STANDARD BOOK NUMBER
International Standard Book Number 0713125942
International Standard Book Number 0713125950 (pbk.)
035 ## - SYSTEM CONTROL NUMBER
System control number (BD-RjUL)12456
040 ## - CATALOGING SOURCE
Original cataloging agency DLC
Transcribing agency DLC
Modifying agency DLC
-- BD-RjUL
Language of cataloging eng
041 ## - LANGUAGE CODE
Language code of text/sound track or separate title eng
082 00 - DEWEY DECIMAL CLASSIFICATION NUMBER
Classification number 597.0526
Edition number 16
Author mark and year MCE 1977
100 1# - MAIN ENTRY--PERSONAL NAME
Personal name McConnell, Ro
9 (RLIN) 38546
245 10 - TITLE STATEMENT
Title Ecology of fishes in tropical waters /
Statement of responsibility, etc. R. H. Lowe-McConnell.
260 ## - PUBLICATION, DISTRIBUTION, ETC. (IMPRINT)
Place of publication, distribution, etc. London :
Name of publisher, distributor, etc. Arnold,
Date of publication, distribution, etc. 1977.
300 ## - PHYSICAL DESCRIPTION
Pagination 64 p. :
Illustrations ill. ;
Size 22 cm.
490 1# - SERIES STATEMENT
Series statement The Institute of Biology's Studies in biology ;
Volume/sequential designation no. 76
504 ## - BIBLIOGRAPHY, ETC. NOTE
Bibliography, etc Bibliography: p. [63]-64.
650 #0 - SUBJECT ADDED ENTRY--TOPICAL TERM
Topical term or geographic name as entry element Fishes
General subdivision Ecology
Geographic subdivision Tropics.
9 (RLIN) 38547
Topical term or geographic name as entry element Fishes
General subdivision Ecology.
9 (RLIN) 38548
830 #0 - SERIES ADDED ENTRY--UNIFORM TITLE
Volume number/sequential designation no. 76.
Uniform title Institute of Biology's studies in biology ;
942 ## - ADDED ENTRY ELEMENTS (KOHA)
Source of classification or shelving scheme Dewey Decimal Classification
Koha item type Books
Holdings
Lost status Source of classification or shelving scheme Damaged status Not for loan Collection code Permanent Location Current Location Shelving location Date acquired Source of acquisition Cost, normal purchase price Total Checkouts Full call number Date last seen Copy number Koha item type
  Dewey Decimal Classification     Non-fiction Central Library, University of Rajshahi Central Library, University of Rajshahi   08/09/1986 Tappan 3.95   597.0526 MCE 1977 28/01/2014 C-2 Books
  Dewey Decimal Classification   Not For Loan Non-fiction Central Library, University of Rajshahi Central Library, University of Rajshahi Reading Room 12/05/1983 Heffers. 2.25   597.0526 MCE 1977 28/01/2014 C-1 Books